[Event "SVK Extraliga 2019-20"]
[Site "Slovakia"]
[Date "2020.01.19"]
[Round "6.6"]
[White "Motycakova, Monika"]
[Black "Najgebauer, Szemjon"]
[Result "1/2-1/2"]
[WhiteElo "2102"]
[BlackElo "2178"]
[Annotator "ChessBase"]
[PlyCount "52"]
[EventDate "2019.10.19"]
[EventType "team-tourn"]
[EventCountry "SVK"]
[SourceTitle "playchess.com"]
[Source "ChessBase"]
[SourceQuality "1"]
[WhiteTeam "Liptovska"]
[BlackTeam "Košice"]
[TimeControl "40/5400+30:1800+30"]

1. e4 {[%emt 0:00:00]} c5 {[%emt 0:00:00]} 2. Nf3 {[%emt 0:00:00]} Nc6 {[%emt 0:00:13]} 3. d4 {[%emt 0:00:27]} cxd4 {[%emt 0:00:43]} 4. Nxd4 {[%emt 0:00:07]} Nf6 {[%emt 0:00:42]} 5. Nc3 {[%emt 0:00:08]} e5 {[%emt 0:02:39]} 6. Ndb5 {[%emt 0:00:16]} d6 {[%emt 0:00:36]} 7. Bg5 {[%emt 0:00:12]} a6 {[%emt 0:01:01]} 8. Na3 {[%emt 0:00:02]} b5 {[%emt 0:00:42]} 9. Bxf6 {[%emt 0:00:30]} gxf6 {[%emt 0:00:31]} 10. Nd5 {[%emt 0:00:07]} Bg7 {[%emt 0:01:08]} 11. Bd3 {[%emt 0:00:34]} Ne7 {[%emt 0:02:17]} 12. Nxe7 {[%emt 0:00:36]} Qxe7 {[%emt 0:00:06]} 13. O-O {[%emt 0:00:20]} O-O {[%emt 0:02:23]} 14. c4 {[%emt 0:01:11]} f5 {[%emt 0:02:30]} 15. Qf3 {[%emt 0:01:06]} d5 {[%emt 0:11:52]} 16. cxd5 {[%emt 0:02:26]} Rb8 {[%emt 0:05:44]} 17. exf5 {[%emt 0:24:37]} e4 {[%emt 0:12:14]} 18. Bxe4 {[%emt 0:02:45]} Bxb2 {[%emt 0:05:05]} 19. Qg3+ {[%emt 0:19:05]} Kh8 {[%emt 0:02:26]} 20. Qxb8 {[%emt 0:01:24]} Bxa1 {[%emt 0:11:36]} 21. Rxa1 {[%emt 0:14:11]} Qxe4 {[%emt 0:01:45]} 22. Qd6 {[%emt 0:13:39]} Rg8 {[%emt 0:07:17]} 23. Qf6+ {[%emt 0:06:00]} Rg7 {[%emt 0:00:14]} 24. Qd8+ {[%emt 0:04:30]} Rg8 {[%emt 0:00:05]} 25. Qf6+ {[%emt 0:00:24]} Rg7 {[%emt 0:00:04]} 26. Qd8+ {[%emt 0:07:32]} Rg8 {[%emt 0:00:10]} 1/2-1/2

[Event "SVK Extraliga 2019-20"]
[Site "Slovakia"]
[Date "2020.01.19"]
[Round "6.6"]
[White "Bochnicka, Vladimir"]
[Black "Gazik, Igor"]
[Result "0-1"]
[WhiteElo "2094"]
[BlackElo "2256"]
[Annotator "NA"]
[PlyCount "72"]
[EventDate "2019.10.19"]
[EventType "team-tourn"]
[EventCountry "SVK"]
[SourceTitle "playchess.com"]
[Source "ChessBase"]
[SourceQuality "1"]
[WhiteTeam "Bratislava"]
[BlackTeam "Podhajska"]
[TimeControl "40/5400+30:1800+30"]

1. e4 {[%emt 0:00:00]} Nf6 {[%emt 0:02:25]} 2. e5 {[%emt 0:00:00]} Nd5 {[%emt 0:00:05]} 3. d4 {[%emt 0:00:25]} Nb6 {[%emt 0:00:15]} 4. c4 {[%emt 0:00:11]} d6 {[%emt 0:00:12]} 5. exd6 {[%emt 0:00:11]} exd6 {[%emt 0:00:09]} 6. Nc3 {[%emt 0:00:46]} Nc6 {[%emt 0:00:06]} 7. Be3 {[%emt 0:00:47]} Be7 {[%emt 0:00:27]} 8. Rc1 {[%emt 0:02:24]} O-O {[%emt 0:00:55]} 9. b3 {[%emt 0:00:16]} Bg5 {[%emt 0:08:42]} 10. Nf3 {[%emt 0:13:11]} Bxe3 {[%emt 0:12:07]} 11. fxe3 {[%emt 0:00:10]} Re8 {[%emt 0:00:04]} 12. Qd2 {[%emt 0:00:14]} Qe7 {[%emt 0:00:08]} 13. Nd1 {[%emt 0:00:39]} Bg4 {[%emt 0:02:53]} 14. Be2 {[%emt 0:08:06]} d5 {[%emt 0:09:40]} 15. c5 {[%emt 0:00:32]} Nd7 {[%emt 0:00:08]} 16. O-O {[%emt 0:01:16]} Nf6 {[%emt 0:00:06]} 17. b4 {[%emt 0:05:58]} a6 {[%emt 0:03:24]} 18. a4 {[%emt 0:05:16]} Ne4 {[%emt 0:27:03]} 19. Qe1 {[%emt 0:02:05]} Qe6 {[%emt 0:00:40]} 20. b5 {[%emt 0:09:05]} axb5 {[%emt 0:01:29]} 21. axb5 {[%emt 0:00:08]} Ne7 {[%emt 0:04:48]} 22. Ne5 {[%emt 0:03:39]} Bxe2 {[%emt 0:00:57]} 23. Qxe2 {[%emt 0:00:06]} f6 {[%emt 0:00:05]} 24. Nd3 {[%emt 0:00:52]} g5 {[%emt 0:00:55]} 25. N3f2 {[%emt 0:04:56]} Nxf2 {[%emt 0:03:11]} 26. Qxf2 {[%emt 0:00:45]} Kg7 {[%emt 0:00:11]} 27. Nc3 {[%emt 0:01:27]} Ng6 {[%emt 0:04:38]} 28. e4 {[%emt 0:09:28]} dxe4 {[%emt 0:00:57]} 29. Rce1 {[%emt 0:02:15]} e3 {[%emt 0:00:48]} 30. Qf3 {[%emt 0:00:17]} c6 {[%emt 0:04:55]} 31. bxc6 {[%emt 0:03:14]} bxc6 {[%emt 0:00:13]} 32. Ne2 {[%emt 0:02:15]} Nh4 {[%emt 0:05:32]} 33. Qh5 Qe4 {[%emt 0:01:22]} 34. Nf4 {[%emt 0:02:51]} Ra2 {[%emt 0:01:02]} 35. Rf3 {[%emt 0:00:57]} Nxf3+ {[%emt 0:00:42]} 36. gxf3 {[%emt 0:00:15]} Qxf4 0-1

[Event "SVK Extraliga 2019-20"]
[Site "Slovakia"]
[Date "2020.01.21"]
[Round "6.7"]
[White "Zwardon, Vojtech"]
[Black "Schwarz, Dusan"]
[Result "1-0"]
[WhiteElo "2476"]
[BlackElo "2309"]
[Annotator "TA"]
[PlyCount "109"]
[EventDate "2019.10.19"]
[EventType "team-tourn"]
[EventCountry "SVK"]
[SourceTitle "playchess.com"]
[Source "ChessBase"]
[SourceQuality "1"]
[WhiteTeam "Zilina"]
[BlackTeam "Modra"]
[WhiteTeamCountry "CZE"]
[BlackTeamCountry "SVK"]

{[%evp 9,109,0,38,-29,0,-9,0,-5,29,8,0,0,5,0,0,-6,44,31,52,55,58,48,63,4,20,8,20,-10,0,-64,-52,-47,-42,-50,0,0,0,-54,-39,-39,-48,-34,0,0,0,-6,-9,-13,0,0,0,0,0,0,0,6,8,0,7,0,0,0,0,0,0,0,11,11,13,11,84,8,31,41,43,38,402,402,368,347,682,655,591,527,410,275,274,274,192,217,487,424,1023,1023,29979,29978,29978,29979,29984,29985,29993,29994]} 1. c4 e5 2. g3 Nf6 3. Bg2 c6 4. d4 Bb4+ 5. Nc3 (5. Bd2 Bxd2+ 6. Qxd2 d6 7. Nc3 O-O 8. e3 Be6 9. Rd1 Na6 10. b3 exd4 11. Qxd4 Nb4 12. Qd2 Bf5 13. e4 Re8 14. Nge2 Nxe4 15. Nxe4 Bxe4 16. Bxe4 Rxe4 17. Qxb4 {½-½ (31) Mamedyarov,S (2764)-Radjabov,T (2726) Baku 2014}) 5... d6 6. e3 {A20: English Opening: 1...e5} (6. dxe5 $14 dxe5 7. Qxd8+ Kxd8 8. Nf3) 6... O-O 7. Nge2 exd4 8. Qxd4 {The position is equal.} d5 (8... Nbd7 {is more complex.} 9. a3 Bc5 10. Qd1 Ne5 11. b3 Bf5) 9. cxd5 $146 ({Predecessor:} 9. O-O dxc4 10. Qxc4 Qe7 11. a3 Bd6 12. b4 Nbd7 {0-1 (42) Mort,A (2006)-Allinson,J (2123) England 2013}) 9... Nxd5 10. Bxd5 Qxd5 11. Qxd5 cxd5 12. Bd2 Rd8 13. Nb5 Nc6 14. Bxb4 Nxb4 15. Kd2 Bg4 16. Nf4 ({White should play} 16. Nbd4 $14) 16... Nc6 17. h3 Bf5 18. Ne2 Ne5 19. b3 (19. Ned4 $11 Be4 20. Rhc1) 19... Nf3+ $15 20. Kd1 Be4 21. Rf1 $1 Nh2 22. Re1 Nf3 (22... d4 $11 23. Nbxd4 Nf3) 23. Rf1 $1 Bd3 24. Nbd4 Nxd4 25. exd4 Re8 26. Re1 Re4 {aiming for ...Rae8.} 27. Kd2 Bxe2 28. Rxe2 Rxe2+ 29. Kxe2 $11 {[%mdl 4096] Endgame KR-KR} Rc8 30. Kd2 f6 31. a4 Kf7 32. Re1 Rc6 33. a5 Rc8 34. Kd3 h5 35. Kd2 Rc6 36. f4 g6 37. g4 hxg4 38. hxg4 Ra6 39. Ra1 Ke7 (39... Rc6 $11 {keeps the balance.}) 40. Kd3 ({Better is} 40. Kc3 $1 $16) 40... Re6 41. Rh1 {Black must now prevent Rh7+.} Kd6 42. Rh7 Re4 $2 {[%mdl 8192]} ({Black should try} 42... Re7 $14 43. Rh6 Re4) 43. Rxb7 $18 Rxf4 44. Rxa7 Rxg4 $2 (44... Rf3+ 45. Kc2 Kc6) 45. Ra6+ Ke7 46. b4 {[%cal Bb3b4,Bb4b5,Bb5b6,Bb6b7][%mdl 32]} Rg3+ 47. Ke2 Ra3 48. Rb6 g5 {[#]} 49. a6 $1 Kd7 $2 (49... Ra2+ {was necessary.} 50. Kf3 f5) 50. Rxf6 Kc7 (50... Kc8 $142 51. b5 g4) 51. b5 {Hoping for b6+.} Rb3 52. Rc6+ {White mates.} Kb8 {[#]} 53. b6 $1 Ra3 54. b7 Rb3 55. Rc8+ {Accuracy: White = 60%, Black = 30%.} 1-0

[Event "SVK Extraliga 2019-20"]
[Site "Slovakia"]
[Date "2020.01.19"]
[Round "6.7"]
[White "Farkas, Gabor"]
[Black "Briestensky, Rastislav"]
[Result "1/2-1/2"]
[WhiteElo "2355"]
[BlackElo "2344"]
[Annotator "ChessBase"]
[PlyCount "193"]
[EventDate "2019.10.19"]
[EventType "team-tourn"]
[EventCountry "SVK"]
[SourceTitle "playchess.com"]
[Source "ChessBase"]
[SourceQuality "1"]
[WhiteTeam "Streda"]
[BlackTeam "Slovan"]
[TimeControl "40/5400+30:1800+30"]

1. e4 {[%emt 0:00:00]} d5 {[%emt 0:00:00]} 2. exd5 {[%emt 0:00:00]} Qxd5 {[%emt 0:00:00]} 3. d4 {[%emt 0:00:07]} Nf6 {[%emt 0:01:37]} 4. Nc3 {[%emt 0:00:57]} Qd8 {[%emt 0:00:29]} 5. Bf4 {[%emt 0:07:41]} c6 {[%emt 0:06:59]} 6. Nf3 {[%emt 0:06:36]} Bg4 {[%emt 0:01:40]} 7. Be2 {[%emt 0:04:14]} e6 {[%emt 0:00:27]} 8. h3 {[%emt 0:00:44]} Bxf3 {[%emt 0:00:09]} 9. Bxf3 {[%emt 0:00:18]} Bb4 {[%emt 0:06:03]} 10. O-O {[%emt 0:00:36]} O-O {[%emt 0:01:15]} 11. a3 {[%emt 0:01:57]} Bd6 {[%emt 0:01:17]} 12. Bg5 {[%emt 0:02:24]} Nbd7 {[%emt 0:01:05]} 13. Ne4 {[%emt 0:01:08]} Be7 {[%emt 0:00:19]} 14. Nxf6+ {[%emt 0:02:38]} Bxf6 {[%emt 0:02:22]} 15. Be3 {[%emt 0:01:20]} Nb6 {[%emt 0:00:29]} 16. Qd3 {[%emt 0:02:23]} Rc8 {[%emt 0:15:31]} 17. Rad1 {[%emt 0:07:55]} Nd5 {[%emt 0:11:13]} 18. Bc1 {[%emt 0:09:13]} Qc7 {[%emt 0:07:38]} 19. Be4 {[%emt 0:04:23]} g6 {[%emt 0:01:05]} 20. Qf3 {[%emt 0:00:13]} Bg7 {[%emt 0:01:18]} 21. c3 {[%emt 0:00:30]} Rfd8 {[%emt 0:01:52]} 22. g3 {[%emt 0:03:20]} Rd7 {[%emt 0:03:52]} 23. h4 {[%emt 0:07:33]} Nf6 {[%emt 0:02:13]} 24. Bc2 {[%emt 0:01:09]} Re8 {[%emt 0:07:21]} 25. Bg5 {[%emt 0:01:26]} Nd5 {[%emt 0:00:08]} 26. h5 {[%emt 0:00:47]} c5 {[%emt 0:05:36]} 27. Ba4 {[%emt 0:01:40]} cxd4 {[%emt 0:00:31]} 28. cxd4 {[%emt 0:02:27]} a6 {[%emt 0:00:18]} 29. Bxd7 {[%emt 0:00:05]} Qxd7 {[%emt 0:00:03]} 30. Rfe1 {[%emt 0:08:15]} Rc8 {[%emt 0:01:22]} 31. h6 {[%emt 0:01:31]} Bf8 {[%emt 0:00:40]} 32. Rc1 {[%emt 0:00:45]} Re8 {[%emt 0:00:08]} 33. Re2 {[%emt 0:01:50]} Bd6 {[%emt 0:03:44]} 34. Rec2 {[%emt 0:04:42]} f6 {[%emt 0:06:09]} 35. Bd2 {[%emt 0:00:40]} Bb8 {[%emt 0:00:32]} 36. Bb4 {[%emt 0:08:38]} Ba7 {[%emt 0:02:52]} 37. Bc5 {[%emt 0:01:00]} Bb8 {[%emt 0:00:05]} 38. Bb4 {[%emt 0:02:35]} Kf7 {[%emt 0:00:32]} 39. Qd3 {[%emt 0:01:14]} f5 {[%emt 0:01:12]} 40. Rc4 {[%emt 0:02:33]} g5 {[%emt 0:00:18]} 41. Qc2 {[%emt 0:31:41]} Ba7 {[%emt 0:31:06]} 42. Qe2 {[%emt 0:00:00]} Kg6 {[%emt 0:00:00]} 43. Qe5 {[%emt 0:00:00]} Kxh6 {[%emt 0:00:00]} 44. Kg2 {[%emt 0:00:00]} Kg6 {[%emt 0:00:00]} 45. Bd6 {[%emt 0:00:00]} Bb6 {[%emt 0:00:00]} 46. Bb4 {[%emt 0:00:00]} a5 {[%emt 0:00:00]} 47. Qd6 {[%emt 0:00:00]} Qf7 {[%emt 0:00:00]} 48. Bd2 {[%emt 0:00:00]} Rd8 {[%emt 0:00:00]} 49. Qe5 {[%emt 0:00:00]} Qd7 {[%emt 0:00:00]} 50. g4 {[%emt 0:01:15]} Nf6 {[%emt 0:00:00]} 51. f3 {[%emt 0:03:23]} Bxd4 {[%emt 0:00:00]} 52. Qxa5 {[%emt 0:00:01]} b6 {[%emt 0:00:00]} 53. Qa4 {[%emt 0:01:51]} b5 {[%emt 0:00:00]} 54. Rxd4 {[%emt 0:00:05]} bxa4 {[%emt 0:00:00]} 55. Rxd7 {[%emt 0:00:05]} Rxd7 {[%emt 0:00:00]} 56. gxf5+ {[%emt 0:00:02]} exf5 {[%emt 0:00:00]} 57. Bb4 {[%emt 0:00:07]} Nd5 {[%emt 0:01:20]} 58. Rc6+ {[%emt 0:00:07]} Kh5 {[%emt 0:03:23]} 59. Bf8 {[%emt 0:00:56]} Nf4+ {[%emt 0:00:35]} 60. Kg3 {[%emt 0:00:13]} Ng6 {[%emt 0:00:24]} 61. Bb4 {[%emt 0:00:17]} Ne5 {[%emt 0:02:20]} 62. Re6 {[%emt 0:02:07]} f4+ {[%emt 0:01:40]} 63. Kg2 {[%emt 0:00:13]} Nd3 {[%emt 0:02:12]} 64. Bc3 {[%emt 0:01:01]} Rb7 {[%emt 0:02:23]} 65. Re2 {[%emt 0:00:02]} Rb6 {[%emt 0:01:17]} 66. Rd2 {[%emt 0:00:26]} Rd6 {[%emt 0:00:20]} 67. Re2 {[%emt 0:00:16]} Kg6 {[%emt 0:00:34]} 68. Re4 {[%emt 0:00:30]} Rc6 {[%emt 0:01:50]} 69. Re2 {[%emt 0:00:41]} h5 {[%emt 0:00:12]} 70. Kh3 {[%emt 0:01:21]} Kf5 {[%emt 0:00:32]} 71. Kg2 {[%emt 0:00:44]} Re6 {[%emt 0:00:40]} 72. Rd2 {[%emt 0:00:32]} Rd6 {[%emt 0:00:37]} 73. Re2 {[%emt 0:00:14]} Rd5 {[%emt 0:01:09]} 74. Re8 {[%emt 0:00:27]} Nxb2 {[%emt 0:01:02]} 75. Rf8+ {[%emt 0:00:01]} Ke6 {[%emt 0:00:29]} 76. Rf6+ {[%emt 0:00:14]} Kd7 {[%emt 0:00:50]} 77. Bxb2 {[%emt 0:00:03]} Rd2+ {[%emt 0:00:08]} 78. Kh3 {[%emt 0:00:03]} Rxb2 {[%emt 0:00:21]} 79. Rd6+ {[%emt 0:00:02]} Kc7 {[%emt 0:00:40]} 80. Rc6+ {[%emt 0:00:04]} Kb7 {[%emt 0:00:28]} 81. Rc7+ {[%emt 0:00:03]} Ka8 {[%emt 0:00:39]} 82. Ra7+ {[%emt 0:00:47]} Kb8 {[%emt 0:00:03]} 83. Ra5 {[%emt 0:02:21]} Rb3 {[%emt 0:00:21]} 84. Kg2 {[%emt 0:00:27]} g4 {[%emt 0:00:58]} 85. fxg4 {[%emt 0:00:25]} hxg4 {[%emt 0:00:48]} 86. Rxa4 {[%emt 0:00:19]} Rg3+ {[%emt 0:00:35]} 87. Kf2 {[%emt 0:00:44]} Rf3+ {[%emt 0:00:07]} 88. Kg2 {[%emt 0:00:05]} Kb7 {[%emt 0:00:04]} 89. Rc4 {[%emt 0:00:19]} Ka6 {[%emt 0:00:27]} 90. a4 {[%emt 0:00:07]} Kb6 {[%emt 0:00:09]} 91. Re4 {[%emt 0:02:15]} Kc5 {[%emt 0:01:13]} 92. a5 {[%emt 0:00:01]} Kc6 {[%emt 0:02:02]} 93. a6 {[%emt 0:00:42]} Kb6 {[%emt 0:00:12]} 94. Re6+ {[%emt 0:00:05]} Ka7 {[%emt 0:00:11]} 95. Rg6 {[%emt 0:00:14]} Rg3+ {[%emt 0:00:09]} 96. Kf2 {[%emt 0:00:06]} Kb8 {[%emt 0:00:37]} 97. Rg7 {[%emt 0:00:24]} 1/2-1/2

[Event "SVK Extraliga 2019-20"]
[Site "Slovakia"]
[Date "2020.01.19"]
[Round "6.7"]
[White "Fiacan, Robert"]
[Black "Danada, Tomas"]
[Result "0-1"]
[WhiteElo "2283"]
[BlackElo "2277"]
[Annotator "ChessBase"]
[PlyCount "88"]
[EventDate "2019.10.19"]
[EventType "team-tourn"]
[EventCountry "SVK"]
[SourceTitle "playchess.com"]
[Source "ChessBase"]
[SourceQuality "1"]
[WhiteTeam "Snina"]
[BlackTeam "Prakovce"]
[TimeControl "40/5400+30:1800+30"]

1. e4 {[%emt 0:00:00]} c5 {[%emt 0:00:37]} 2. Nc3 {[%emt 0:00:11]} e6 {[%emt 0:00:46]} 3. f4 {[%emt 0:02:59]} a6 {[%emt 0:01:42]} 4. Nf3 {[%emt 0:02:17]} b5 {[%emt 0:04:09]} 5. g3 {[%emt 0:01:03]} Bb7 {[%emt 0:00:13]} 6. d3 {[%emt 0:00:13]} d5 {[%emt 0:00:38]} 7. e5 {[%emt 0:08:45]} Nh6 {[%emt 0:01:07]} 8. d4 {[%emt 0:04:47]} Nc6 {[%emt 0:00:57]} 9. Ne2 {[%emt 0:01:14]} Nf5 {[%emt 0:00:52]} 10. c3 {[%emt 0:03:06]} h5 {[%emt 0:04:33]} 11. Bh3 {[%emt 0:09:24]} g6 {[%emt 0:01:14]} 12. O-O {[%emt 0:01:04]} Be7 {[%emt 0:01:09]} 13. Kh1 {[%emt 0:10:37]} a5 {[%emt 0:02:42]} 14. a4 {[%emt 0:13:50]} b4 {[%emt 0:00:59]} 15. dxc5 {[%emt 0:03:33]} Bxc5 {[%emt 0:03:28]} 16. Ned4 {[%emt 0:05:03]} Ncxd4 {[%emt 0:03:01]} 17. cxd4 {[%emt 0:03:28]} Be7 {[%emt 0:00:27]} 18. Re1 {[%emt 0:11:11]} Ba6 {[%emt 0:01:16]} 19. Be3 {[%emt 0:01:56]} Rc8 {[%emt 0:01:22]} 20. Bf2 {[%emt 0:02:25]} Kd7 {[%emt 0:10:48]} 21. Nd2 {[%emt 0:02:54]} Qc7 {[%emt 0:05:24]} 22. Rc1 {[%emt 0:04:21]} Qxc1 {[%emt 0:00:32]} 23. Qxc1 {[%emt 0:00:07]} Rxc1 {[%emt 0:00:03]} 24. Rxc1 {[%emt 0:00:07]} Rc8 {[%emt 0:01:08]} 25. Rxc8 {[%emt 0:00:58]} Kxc8 {[%emt 0:06:02]} 26. Bf1 {[%emt 0:01:02]} Bxf1 {[%emt 0:00:57]} 27. Nxf1 {[%emt 0:01:06]} g5 {[%emt 0:05:44]} 28. Nd2 {[%emt 0:02:32]} g4 {[%emt 0:04:44]} 29. Nb3 {[%emt 0:00:28]} Bd8 {[%emt 0:00:08]} 30. Kg2 {[%emt 0:01:08]} Bb6 {[%emt 0:01:30]} 31. h3 {[%emt 0:00:45]} Kd7 {[%emt 0:00:38]} 32. hxg4 {[%emt 0:00:06]} hxg4 {[%emt 0:00:04]} 33. Kf1 {[%emt 0:00:16]} Ke8 {[%emt 0:01:54]} 34. Ke2 {[%emt 0:00:10]} Kf8 {[%emt 0:00:24]} 35. Kd3 {[%emt 0:00:25]} Kg7 {[%emt 0:00:14]} 36. Nc5 {[%emt 0:02:31]} Bxc5 {[%emt 0:01:05]} 37. dxc5 {[%emt 0:00:06]} Ne7 {[%emt 0:00:03]} 38. b3 {[%emt 0:01:33]} Nc6 {[%emt 0:03:50]} 39. Bd4 {[%emt 0:00:12]} Kf8 {[%emt 0:00:33]} 40. Ke3 {[%emt 0:00:46]} Ke7 {[%emt 0:00:52]} 41. Bb2 {[%emt 0:03:07]} Kd7 {[%emt 0:00:00]} 42. Kd2 {[%emt 0:07:06]} Nb8 {[%emt 0:04:02]} 43. Ke3 {[%emt 0:03:24]} Na6 {[%emt 0:01:14]} 44. Bd4 {[%emt 0:00:18]} Kc6 {[%emt 0:00:10]} 0-1

[Event "SVK Extraliga 2019-20"]
[Site "Slovakia"]
[Date "2020.01.19"]
[Round "6.7"]
[White "Horvath, Mario"]
[Black "Bochnickova, Andrea"]
[Result "1/2-1/2"]
[WhiteElo "2197"]
[BlackElo "2112"]
[Annotator "NA"]
[PlyCount "100"]
[EventDate "2019.10.19"]
[EventType "team-tourn"]
[EventCountry "SVK"]
[SourceTitle "playchess.com"]
[Source "ChessBase"]
[SourceQuality "1"]
[WhiteTeam "Podhajska"]
[BlackTeam "Bratislava"]
[TimeControl "40/5400+30:1800+30"]

1. Nf3 {[%emt 0:00:00]} Nf6 {[%emt 0:00:00]} 2. c4 {[%emt 0:00:03]} c5 {[%emt 0:00:00]} 3. Nc3 {[%emt 0:01:56]} Nc6 {[%emt 0:00:04]} 4. g3 {[%emt 0:04:52]} d6 {[%emt 0:00:21]} 5. Bg2 {[%emt 0:01:00]} g6 {[%emt 0:00:24]} 6. O-O {[%emt 0:01:43]} Bg7 {[%emt 0:00:06]} 7. e4 {[%emt 0:23:41]} O-O {[%emt 0:00:38]} 8. d3 {[%emt 0:01:34]} Rb8 {[%emt 0:01:13]} 9. h3 {[%emt 0:05:13]} a6 {[%emt 0:00:59]} 10. a4 {[%emt 0:01:03]} e5 {[%emt 0:07:01]} 11. Ne1 {[%emt 0:14:12]} Nd4 {[%emt 0:06:45]} 12. Ne2 {[%emt 0:06:43]} Nxe2+ {[%emt 0:11:41]} 13. Qxe2 {[%emt 0:00:15]} b5 {[%emt 0:00:23]} 14. axb5 {[%emt 0:01:15]} axb5 {[%emt 0:00:06]} 15. b3 {[%emt 0:06:32]} Bd7 {[%emt 0:10:12]} 16. Nc2 {[%emt 0:02:59]} Qc7 {[%emt 0:03:08]} 17. Ne3 {[%emt 0:06:40]} bxc4 {[%emt 0:04:20]} 18. bxc4 {[%emt 0:00:08]} Rb3 {[%emt 0:00:35]} 19. Rd1 {[%emt 0:05:40]} Rfb8 {[%emt 0:01:34]} 20. Rd2 {[%emt 0:03:52]} Qb6 {[%emt 0:14:52]} 21. Rda2 {[%emt 0:00:31]} Rb1 {[%emt 0:02:25]} 22. Qc2 {[%emt 0:03:06]} Qb3 {[%emt 0:08:45]} 23. Qxb3 {[%emt 0:00:30]} R8xb3 {[%emt 0:02:52]} 24. Ra8+ {[%emt 0:00:17]} Ne8 {[%emt 0:01:29]} 25. Bf1 {[%emt 0:01:21]} Bh6 {[%emt 0:07:43]} 26. Kg2 {[%emt 0:04:35]} Kg7 {[%emt 0:01:05]} 27. R8a7 {[%emt 0:00:29]} Be6 {[%emt 0:05:16]} 28. Be2 {[%emt 0:00:08]} Bxe3 {[%emt 0:03:14]} 29. Bxe3 {[%emt 0:00:11]} Rxa1 {[%emt 0:01:07]} 30. Rxa1 {[%emt 0:00:02]} Rb6 {[%emt 0:01:56]} 31. Ra7 {[%emt 0:01:52]} h5 {[%emt 0:01:27]} 32. Bg5 {[%emt 0:00:50]} Nf6 {[%emt 0:00:40]} 33. Ra8 {[%emt 0:00:46]} Rb2 {[%emt 0:01:19]} 34. Bd1 {[%emt 0:00:17]} Nd7 {[%emt 0:01:04]} 35. Ra6 {[%emt 0:00:54]} Rb6 {[%emt 0:00:33]} 36. Rxb6 {[%emt 0:00:36]} Nxb6 {[%emt 0:00:03]} 37. Bd8 {[%emt 0:00:26]} Nc8 {[%emt 0:00:50]} 38. f3 {[%emt 0:00:44]} f6 {[%emt 0:00:34]} 39. g4 {[%emt 0:00:18]} hxg4 {[%emt 0:01:29]} 40. fxg4 {[%emt 0:00:04]} Bd7 {[%emt 0:00:13]} 41. h4 {[%emt 0:31:26]} Kf7 {[%emt 0:05:17]} 42. Kg3 {[%emt 0:00:00]} Ne7 {[%emt 0:01:46]} 43. Bc7 {[%emt 0:00:00]} Ke6 {[%emt 0:01:15]} 44. h5 {[%emt 0:00:00]} Be8 {[%emt 0:04:53]} 45. h6 {[%emt 0:00:00]} g5 {[%emt 0:01:10]} 46. Bd8 {[%emt 0:00:00]} Bg6 {[%emt 0:03:15]} 47. Ba4 {[%emt 0:00:00]} Ng8 {[%emt 0:00:31]} 48. Be8 {[%emt 0:00:00]} Bh7 {[%emt 0:00:13]} 49. Bc6 {[%emt 0:00:00]} Ne7 {[%emt 0:05:31]} 50. Be8 {[%emt 0:00:00]} Ng8 1/2-1/2

[Event "SVK Extraliga 2019-20"]
[Site "Slovakia"]
[Date "2020.01.19"]
[Round "6.7"]
[White "Tropp, Lukas"]
[Black "Brnusak, Tomas"]
[Result "1/2-1/2"]
[WhiteElo "2132"]
[BlackElo "2032"]
[Annotator "ChessBase"]
[PlyCount "64"]
[EventDate "2019.10.19"]
[EventType "team-tourn"]
[EventCountry "SVK"]
[SourceTitle "playchess.com"]
[Source "ChessBase"]
[SourceQuality "1"]
[WhiteTeam "Košice"]
[BlackTeam "Liptovska"]
[TimeControl "40/5400+30:1800+30"]

1. e4 {[%emt 0:00:00]} c5 {[%emt 0:00:06]} 2. Nf3 {[%emt 0:00:00]} Nc6 {[%emt 0:00:45]} 3. Bb5 {[%emt 0:00:00]} Nd4 {[%emt 0:01:42]} 4. Nxd4 {[%emt 0:04:30]} cxd4 {[%emt 0:00:11]} 5. O-O {[%emt 0:00:13]} g6 {[%emt 0:03:08]} 6. c3 {[%emt 0:11:05]} dxc3 {[%emt 0:08:32]} 7. Nxc3 {[%emt 0:01:06]} Bg7 {[%emt 0:01:27]} 8. d4 {[%emt 0:07:46]} a6 {[%emt 0:02:25]} 9. Bc4 {[%emt 0:06:56]} e6 {[%emt 0:06:17]} 10. e5 {[%emt 0:09:44]} f5 {[%emt 0:13:17]} 11. exf6 {[%emt 0:13:38]} Nxf6 {[%emt 0:00:22]} 12. d5 {[%emt 0:00:03]} O-O {[%emt 0:03:01]} 13. dxe6 {[%emt 0:01:00]} dxe6 {[%emt 0:00:15]} 14. Qe2 {[%emt 0:00:56]} Re8 {[%emt 0:03:39]} 15. Rd1 {[%emt 0:00:54]} Qc7 {[%emt 0:01:08]} 16. Ne4 {[%emt 0:04:37]} Nxe4 {[%emt 0:01:59]} 17. Qxe4 {[%emt 0:00:11]} Kh8 {[%emt 0:01:09]} 18. Be3 {[%emt 0:04:00]} Bd7 {[%emt 0:03:09]} 19. Bd4 {[%emt 0:08:31]} e5 {[%emt 0:03:52]} 20. Bb6 {[%emt 0:02:33]} Qxb6 {[%emt 0:04:29]} 21. Rxd7 {[%emt 0:00:06]} Rf8 {[%emt 0:01:18]} 22. Bf7 {[%emt 0:09:24]} Rab8 {[%emt 0:07:48]} 23. Rad1 {[%emt 0:00:23]} Rbd8 {[%emt 0:02:56]} 24. h3 {[%emt 0:02:40]} Rxd7 {[%emt 0:02:08]} 25. Rxd7 {[%emt 0:00:06]} Qxb2 {[%emt 0:00:10]} 26. Rxb7 {[%emt 0:02:00]} Qd4 {[%emt 0:03:04]} 27. Qd5 {[%emt 0:01:15]} Rd8 {[%emt 0:03:08]} 28. Qe6 {[%emt 0:02:13]} Qf4 {[%emt 0:05:39]} 29. Rd7 {[%emt 0:02:47]} Qc1+ {[%emt 0:02:19]} 30. Kh2 {[%emt 0:00:05]} Qf4+ {[%emt 0:00:10]} 31. Kg1 {[%emt 0:00:04]} Rb8 {[%emt 0:02:18]} 32. Rb7 {[%emt 0:01:06]} Qc1+ {[%emt 0:00:27]} 1/2-1/2